01353nam a2200265Ia 450000500170000000800410001702000150005804100080007308200180008110000410009924500610014025000260020126400260022730000400025333600270029333700330032033800280035349000490038152005000043065000280093065000360095865000300099465000280102404000350105220220316235410.0121119s2002 sp a gr 000 0 spa  a84206387810 aspa04a792.028bS71c1 aStanislavski, Constantin,d1863-193813aLa construcción del personajecConstantin Sergueievich aSegunda reimpresión 1aMadridbAlianzac2002 a363 páginasbilustracionesc18 cm atextobtxt2rdacontent asin mediaciónbn2rdamedia avolumenbnc2rdacarrier0 aEl libro de bolsillo : cine y comunicación2 aSu último libro, fue publicado póstumamente y el tratamiento de los temas que en él se abordan la caracterización física de los actores, el vestuario, la expresión corporal, la plasticidad del movimiento, la contención y el control, la dicción y el canto, la acentuación y la expresividad, el ritmo en el movimiento y el lenguaje, la ética teatral, etc. da fe de la riqueza de experiencias, el talento didáctico y el sentido dramático del gran actor y director de escena.142LEMBaTeatroxTécnica142LEMBaCaracterización teatral142LEMBaActuación teatral142LEMBaArtes escénicas aCO-BoRNBPbspaerdacCO-BoRNBP